Rozbory hospodárskej činnosti priemyselných podnikov zbierka príkladov

Guardado en:
Detalles Bibliográficos
Autor Corporativo: Vysoká škola ekonomická v Bratislave. Fakulta ekonomiky a riadenia výrobných odvetví
Formato: Libro
Lenguaje:eslovaco
Publicado: Bratislava VŠE 1982
Etiquetas: Agregar Etiqueta
Sin Etiquetas, Sea el primero en etiquetar este registro!

MARC

LEADER 00000nam a2200000 4500
001 c127400
005 20221220095947.5
041 0 |a slo 
044 |a SK 
245 1 0 |a Rozbory hospodárskej činnosti priemyselných podnikov  |b zbierka príkladov 
264 1 |a Bratislava  |b VŠE  |c 1982 
300 |a 197 s. 
710 2 |a Vysoká škola ekonomická v Bratislave. Fakulta ekonomiky a riadenia výrobných odvetví